XV types du Top 14 par saisons - Statistiques

Statistiques générales
  • Ce quiz a été pris 79 fois
  • Le résultat moyen est 20 sur 36
Statistiques - réponses
Clubs Joueurs % Correct
Antoine Dupont
96%
Thomas Ramos
93%
Uini Atonio
89%
Damian Penaud
84%
Julien Marchand
84%
Louis Bielle-Biarrey
78%
Péato Mauvaka
76%
Cyril Baille
75%
Émilien Gailleton
75%
Matthieu Jalibert
75%
Thibaud Flament
75%
Jean-Baptiste Gros
71%
Emmanuel Meafou
69%
Maxime Lucu
69%
François Cros
67%
Grégory Alldritt
64%
Maxime Lamothe
58%
Yoram Moefana
58%
Camille Lopez
55%
Jack Willis
55%
Sekou Macalou
53%
Jeremy Ward
49%
Ben Tameifuna
47%
Blair Kinghorn
40%
Ethan Dumortier
38%
Facundo Isa
38%
Manu Tuilagi
38%
Reda Wardi
38%
Sireli Maqala
38%
Richie Arnold
36%
Josua Tuisova
33%
David Ribbans
31%
Jiuta Wainiqolo
25%
Tom Staniforth
22%
Mahamadou Diaby
20%
Esteban Abadie
18%
Aucun quiz correspondant
Distribution des résultats
% des personnes avec chaque résultat
Percentile par nombre de réponses
Votre historique - résultats
Vous n’avez pas pris ce quiz